000
00247nam a2200097Ia 4500
008
230907s9999||||xx |||||||||||||| ||und||
082
_a
532.00151922
_b
STO
245
0
_a
Stochastic methods in fluid mechanics /
300
_a
165 pages :
942
_c
BK
999
_c
598537
_d
598537